000 01109nam a2200349Ia 4500
003 OSt
005 20220912144629.0
006 a|||||r|||| 00| 0
007 ta
008 220909b |||||||| |||| 00| 0 eng d
020 _a9781464109621 (hbk)
020 _aSL01560819
024 _a190317
037 _b214, 04/03/2014, N R Book Distributors
037 _cTextbook
040 _aCSL
_beng
_cCSL
041 _aeng
082 _aE9G, L5;Q3;2 TK
100 _aNelson David L; Cox Michael M
245 0 _aLehninger principles of biochemistry
250 _a6
260 _aNew York
_bMacmillan
_c2013
300 _axxviii,1198+ v.p. col.ill.
500 _aInclude bibliographical references.; Glossary G.1-17p.; Credit C.1-8p.; Index I.1-42p.
650 _a Biochemistry
650 _a Bioenergetics and metabolism
650 _a Structure catalysis
650 _aZoology
700 _aNelson David L; Cox Michael M
942 _hE9G, L5;Q3;2 TK
_cTB
_2CC
999 _c14101
_d14101